00980naa a2200169 a 450000100080000000500110000800800410001910000170006024500470007726000090012452005600013365000120069365000120070565000110071765000100072877300720073811357312025-05-21 2025 bl uuuu u00u1 u #d1 aALVES, J. R. aTrigo - abril/2025.h[electronic resource] c2025 aO objetivo deste documento ?? apresentar de forma sucinta as principais informa????es conjunturais referentes ao desenvolvimento da produ????o e dos mercados para os produtos selecionados. Para isso, o Boletim Agropecu??rio cont??m informa????es referentes ao ??ltimo m??s e at?? a primeira quinzena do m??s seguinte. Al??m das informa????es por produto, eventualmente poder??o ser divulgados neste documento textos com an??lises conjunturais pertinentes e oportunas, chamando a aten????o para aspectos n??o especificamente voltados ao mercado do produto. amercado apre??os asafras atrigo tBoletim Agropecu??rio , Florian??polis, SCgn. 143, p. 31-32, 2025.